000 01563nam0a2200337 4500
001 RU\NLR\bibl\746483
005 20260406150433.0
010 _a5-17-026269-8
_95100
021 _aRU
_b2004-67714
_93340
035 _aRSL-KNO-002494363
035 _a(NLR Aleph) 000736314
090 _a794325
_c794325
100 _a20041101d2004 |||y0rusy50 ca
101 1 _arus
_cger
102 _aRU
105 _ay |||||||||
106 _ar
200 1 _aТриумфальная арка
_eроман
_fЭрих Мария Ремарк
_g[пер. с нем. Б. Кремнева, И. Шрайбера]
210 _aМ.
_cАСТ
_d2004
_eМинск: Респ. унитар. предприятие Изд-во Белорус. Дом печати
215 _a509,[1] с.
_d16
225 1 _aКлассическая и современная проза
610 0 _aФилологические науки. Художественная литература -- Германия -- Литература Германии - с 1945 г. -- Произведения художественной литературы -- Художественная проза -- Романы. Повести. Рассказы
686 _aШ5(4Г)62-644
_2rubbk
686 _aШ6(4Г)67-440.4{Лх1359.3-50}
700 1 _4070
_7ca
_8rus
_aРемарк
_bЭ. М.
_f1898-1970
_gЭрих Мария
_3RU\NLR\auth\775020
_9114991
801 0 _aRU
_bRuMoRKP
_c20041101
_grcr
801 1 _aRU
_bRuMoRGB
_c20041101
801 2 _aRU
_bNLR
_c20050408
_gPSBO
942 _cBOOK
980 _aNB